[Event "DVM U16 2023"]
[Site "Magdeburg GER"]
[Date "2023.12.28"]
[Round "4"]
[White "Freude, Max"]
[Black "Reus, Nicholas"]
[Result "1/2-1/2"]
[Termination "normal"]
[Board "4.1"]
[WhiteElo "1902"]
[BlackElo "1742"]
[WhiteClock "00:02:59"]
[BlackClock "00:19:02"]
[WhiteTeam "SV Empor Berlin"]
[BlackTeam "Stuttgarter SF 1879"]
[PlyCount "67"]
[WhiteFideId "16236157"]
[BlackFideId "34612424"]
[EventCountry "GER"]
[EventRounds "7"]
[EventType "team-swiss"]
[EventDate "2023.12.26"]

1. e4 {[%clk 01:30:59]} c6 {[%clk 01:30:56]} {[%emt 00:00:04]} 2. d4 {[%clk
01:31:24]} {[%emt 00:00:05]} d5 {[%clk 01:31:25]} {[%emt 00:00:02]} 3. exd5
{[%clk 01:31:47]} {[%emt 00:00:08]} cxd5 {[%clk 01:31:49]} {[%emt 00:00:05]} 4.
Bd3 {[%clk 01:32:11]} {[%emt 00:00:06]} Nc6 {[%clk 01:32:15]} {[%emt 00:00:04]}
5. c3 {[%clk 01:32:24]} {[%emt 00:00:18]} Qc7 {[%clk 01:32:37]} {[%emt
00:00:07]} 6. Ne2 {[%clk 01:29:37]} {[%emt 00:03:17]} Bg4 {[%clk 01:32:31]}
{[%emt 00:00:36]} 7. f3 {[%clk 01:28:52]} {[%emt 00:01:15]} Bd7 {[%clk
01:32:14]} {[%emt 00:00:46]} 8. Bf4 {[%clk 01:23:11]} {[%emt 00:06:11]} e5
{[%clk 01:31:47]} {[%emt 00:00:57]} 9. dxe5 {[%clk 01:22:51]} {[%emt 00:00:51]}
Nxe5 {[%clk 01:32:01]} {[%emt 00:00:16]} 10. O-O {[%clk 01:22:18]} {[%emt
00:01:03]} Bd6 {[%clk 01:32:21]} {[%emt 00:00:09]} 11. Nd4 {[%clk 01:20:56]}
{[%emt 00:01:53]} Nf6 {[%clk 01:29:28]} {[%emt 00:03:23]} 12. Na3 {[%clk
01:13:46]} {[%emt 00:07:39]} a6 {[%clk 01:28:42]} {[%emt 00:01:16]} 13. Nac2
{[%clk 01:11:05]} {[%emt 00:03:12]} O-O {[%clk 01:28:33]} {[%emt 00:00:39]} 14.
Ne3 {[%clk 00:59:54]} {[%emt 00:11:41]} Nxd3 {[%clk 01:16:12]} {[%emt
00:12:51]} 15. Bxd6 {[%clk 01:00:12]} {[%emt 00:00:13]} Qxd6 {[%clk 01:16:28]}
{[%emt 00:00:13]} 16. Qxd3 {[%clk 01:00:37]} {[%emt 00:00:05]} Rfe8 {[%clk
01:15:31]} {[%emt 00:01:27]} 17. Rfe1 {[%clk 00:53:56]} {[%emt 00:07:11]} b5
{[%clk 01:07:24]} {[%emt 00:08:36]} 18. a3 {[%clk 00:52:03]} {[%emt 00:02:24]}
Rad8 {[%clk 01:03:14]} {[%emt 00:04:40]} 19. Nef5 {[%emt 00:04:23]} Qc5 {[%clk
00:59:24]} {[%emt 00:04:16]} 20. Kh1 {[%clk 00:42:50]} {[%emt 00:05:52]} g6
{[%clk 00:56:10]} {[%emt 00:03:45]} 21. Qd2 {[%clk 00:41:52]} {[%emt 00:01:29]}
Qb6 {[%clk 00:52:52]} {[%emt 00:03:47]} 22. Qg5 {[%clk 00:32:43]} {[%emt
00:09:40]} Bxf5 {[%clk 00:45:02]} {[%emt 00:08:20]} 23. Nxf5 {[%clk 00:33:10]}
{[%emt 00:00:03]} Rxe1+ {[%clk 00:40:18]} {[%emt 00:05:14]} 24. Rxe1 {[%clk
00:33:38]} {[%emt 00:00:01]} Qf2 {[%clk 00:39:55]} {[%emt 00:00:53]} 25. Rg1
{[%clk 00:23:42]} {[%emt 00:10:27]} Re8 {[%clk 00:28:36]} {[%emt 00:11:49]} 26.
Nh6+ {[%clk 00:12:29]} {[%emt 00:11:43]} Kg7 {[%clk 00:27:38]} {[%emt
00:01:28]} 27. Nf5+ {[%clk 00:12:52]} {[%emt 00:00:07]} Kg8 {[%clk 00:28:01]}
{[%emt 00:00:07]} 28. Nh6+ {[%clk 00:13:17]} {[%emt 00:00:06]} Kg7 {[%clk
00:28:28]} {[%emt 00:00:03]} 29. Qxf6+ {[%clk 00:09:27]} {[%emt 00:04:19]} Kxh6
{[%clk 00:28:52]} {[%emt 00:00:05]} 30. h3 {[%clk 00:07:05]} {[%emt 00:02:52]}
Re1 {[%clk 00:21:41]} {[%emt 00:07:41]} 31. Rxe1 {[%clk 00:07:34]} {[%emt
00:00:02]} Qxe1+ {[%clk 00:22:02]} {[%emt 00:00:08]} 32. Kh2 {[%clk 00:08:01]}
{[%emt 00:00:04]} Qe6 {[%clk 00:20:18]} {[%emt 00:02:14]} 33. Qd4 {[%clk
00:06:37]} {[%emt 00:01:53]} f6 {[%clk 00:19:02]} {[%emt 00:01:45]} 34. Qc5
{[%clk 00:02:59]} {[%emt 00:04:08]} 1/2-1/2

[Event "DVM U16 2023"]
[Site "Magdeburg GER"]
[Date "2023.12.28"]
[Round "4"]
[White "Goldinov, Daniel"]
[Black "Nitsche, Nikolai"]
[Result "0-1"]
[Termination "normal"]
[Board "4.2"]
[WhiteElo "1762"]
[BlackElo "1874"]
[WhiteClock "00:01:00"]
[BlackClock "00:01:45"]
[WhiteTeam "Stuttgarter SF 1879"]
[BlackTeam "SV Empor Berlin"]
[PlyCount "104"]
[WhiteFideId "34605649"]
[BlackFideId "16221036"]
[EventCountry "GER"]
[EventRounds "7"]
[EventType "team-swiss"]
[EventDate "2023.12.26"]

1. e4 {[%clk 01:28:49]} {[%emt 00:01:59]} d6 {[%clk 01:30:58]} {[%emt
00:00:13]} 2. d4 {[%clk 01:29:00]} {[%emt 00:00:19]} Nf6 {[%clk 01:31:13]}
{[%emt 00:00:14]} 3. Nc3 {[%clk 01:28:05]} {[%emt 00:01:26]} g6 {[%clk
01:31:33]} {[%emt 00:00:10]} 4. Nf3 {[%clk 01:28:00]} {[%emt 00:00:34]} Bg7
{[%clk 01:31:30]} {[%emt 00:00:34]} 5. Be2 {[%clk 01:28:17]} {[%emt 00:00:13]}
O-O {[%clk 01:31:15]} {[%emt 00:00:45]} 6. O-O {[%clk 01:28:40]} {[%emt
00:00:08]} Nc6 {[%clk 01:28:16]} {[%emt 00:03:29]} 7. h3 {[%clk 01:27:50]}
{[%emt 00:01:19]} e5 {[%clk 01:26:29]} {[%emt 00:02:18]} 8. dxe5 {[%clk
01:22:55]} {[%emt 00:05:25]} Nxe5 {[%clk 01:26:06]} {[%emt 00:00:53]} 9. Nxe5
{[%clk 01:22:24]} {[%emt 00:01:00]} dxe5 {[%clk 01:26:30]} {[%emt 00:00:06]}
10. Bc4 {[%clk 01:21:09]} {[%emt 00:01:45]} Qe7 {[%clk 01:23:44]} {[%emt
00:03:16]} 11. Qe2 {[%clk 01:16:19]} {[%emt 00:05:20]} c6 {[%clk 01:17:53]}
{[%emt 00:06:21]} 12. a4 {[%clk 01:15:45]} {[%emt 00:01:04]} Be6 {[%clk
01:17:25]} {[%emt 00:00:58]} 13. Be3 {[%clk 01:13:18]} {[%emt 00:02:56]} Kh8
{[%clk 01:08:29]} {[%emt 00:09:27]} 14. Rfd1 {[%clk 01:02:58]} {[%emt
00:10:50]} Nh5 {[%clk 00:49:33]} {[%emt 00:19:26]} 15. Bxe6 {[%clk 00:54:35]}
{[%emt 00:08:53]} Qxe6 {[%clk 00:49:48]} {[%emt 00:00:15]} 16. Bc5 {[%clk
00:51:03]} {[%emt 00:04:02]} Rfe8 {[%clk 00:45:50]} {[%emt 00:04:28]} 17. a5
{[%clk 00:38:15]} {[%emt 00:13:18]} Nf4 {[%clk 00:39:10]} {[%emt 00:07:09]} 18.
Qe3 {[%clk 00:27:11]} {[%emt 00:11:33]} f5 {[%clk 00:37:12]} {[%emt 00:02:29]}
19. Rd6 {[%clk 00:16:32]} {[%emt 00:11:09]} Qf7 {[%clk 00:36:14]} {[%emt
00:01:28]} 20. Rad1 {[%clk 00:15:13]} {[%emt 00:01:49]} fxe4 {[%clk 00:34:16]}
{[%emt 00:02:27]} 21. Rd7 {[%clk 00:13:44]} {[%emt 00:01:59]} Qc4 {[%clk
00:34:08]} {[%emt 00:00:38]} 22. Rxb7 {[%clk 00:12:36]} {[%emt 00:01:38]} Nd5
{[%clk 00:31:36]} {[%emt 00:03:02]} 23. Nxd5 {[%clk 00:11:59]} {[%emt
00:01:07]} cxd5 {[%clk 00:31:46]} {[%emt 00:00:20]} 24. Rb4 {[%clk 00:08:13]}
{[%emt 00:04:17]} Qa2 {[%clk 00:27:38]} {[%emt 00:04:38]} 25. Rb3 {[%clk
00:05:25]} {[%emt 00:03:18]} d4 {[%clk 00:26:59]} {[%emt 00:01:08]} 26. Qxe4
{[%clk 00:05:28]} {[%emt 00:00:28]} Qxa5 {[%clk 00:27:08]} {[%emt 00:00:21]}
27. Ba3 {[%clk 00:03:58]} {[%emt 00:02:00]} Rab8 {[%clk 00:23:43]} {[%emt
00:03:55]} 28. Rf3 {[%clk 00:02:45]} {[%emt 00:01:43]} Qc7 {[%clk 00:22:53]}
{[%emt 00:01:20]} 29. c3 {[%clk 00:01:53]} {[%emt 00:01:23]} Qd7 {[%clk
00:16:18]} {[%emt 00:07:05]} 30. Rfd3 {[%clk 00:01:39]} {[%emt 00:00:44]} a5
{[%clk 00:09:43]} {[%emt 00:07:06]} 31. Rf3 {[%clk 00:01:42]} {[%emt 00:00:26]}
a4 {[%clk 00:09:07]} {[%emt 00:01:06]} 32. h4 {[%clk 00:01:51]} {[%emt
00:00:21]} Qb7 {[%clk 00:06:37]} {[%emt 00:03:00]} 33. Qxb7 {[%clk 00:01:50]}
{[%emt 00:00:31]} Rxb7 {[%clk 00:07:05]} {[%emt 00:00:01]} 34. cxd4 {[%clk
00:01:50]} {[%emt 00:00:30]} exd4 {[%clk 00:07:17]} {[%emt 00:00:18]} 35. Rdd3
{[%clk 00:02:02]} {[%emt 00:00:18]} Re1+ {[%clk 00:04:43]} {[%emt 00:03:04]}
36. Kh2 {[%clk 00:02:30]} {[%emt 00:00:02]} Be5+ {[%clk 00:05:06]} {[%emt
00:00:07]} 37. g3 {[%clk 00:01:57]} {[%emt 00:01:04]} Rc7 {[%clk 00:05:04]}
{[%emt 00:00:31]} 38. Rf8+ {[%clk 00:01:47]} {[%emt 00:00:40]} Kg7 {[%clk
00:05:18]} {[%emt 00:00:16]} 39. Ra8 {[%clk 00:01:41]} {[%emt 00:00:36]} Rc2
{[%clk 00:03:12]} {[%emt 00:02:36]} 40. Rf3 {[%clk 00:01:15]} {[%emt 00:00:56]}
Kh6 {[%clk 00:00:45]} {[%emt 00:02:57]} 41. Ra7 {[%clk 00:06:03]} {[%emt
00:25:42]} Kh5 {[%clk 00:09:13]} {[%emt 00:22:02]} 42. Ra5 {[%clk 00:00:36]}
{[%emt 00:05:56]} Kg4 {[%clk 00:07:22]} {[%emt 00:02:22]} 43. Rf7 {[%clk
00:00:42]} {[%emt 00:00:25]} Bxg3+ {[%clk 00:04:48]} {[%emt 00:03:03]} 44. Kg2
{[%clk 00:01:11]} Bxh4 {[%clk 00:03:18]} {[%emt 00:02:02]} 45. Rxa4 {[%clk
00:01:14]} {[%emt 00:00:27]} Rd1 {[%clk 00:02:24]} {[%emt 00:01:23]} 46. Bc5
{[%clk 00:00:54]} {[%emt 00:00:50]} Rxc5 {[%clk 00:02:01]} {[%emt 00:00:53]}
47. Rxh7 {[%clk 00:00:37]} {[%emt 00:00:48]} Rf5 {[%clk 00:01:19]} {[%emt
00:01:11]} 48. f3+ {[%clk 00:00:41]} {[%emt 00:00:24]} Kg5 {[%clk 00:01:17]}
{[%emt 00:00:34]} 49. Rd7 {[%clk 00:00:50]} {[%emt 00:00:22]} Rd2+ {[%clk
00:01:01]} {[%emt 00:00:46]} 50. Kh1 {[%clk 00:00:49]} {[%emt 00:00:31]} Rxf3
{[%clk 00:01:24]} {[%emt 00:00:07]} 51. Rd5+ {[%clk 00:00:43]} {[%emt
00:00:36]} Rf5 {[%clk 00:01:45]} {[%emt 00:00:09]} 52. Rdxd4 {[%clk 00:01:00]}
{[%emt 00:00:14]} Rf1# {[%emt 00:00:06]} 0-1

[Event "DVM U16 2023"]
[Site "Magdeburg GER"]
[Date "2023.12.28"]
[Round "4"]
[White "Stein, Theodor"]
[Black "Nunez Grégoire, Daniel"]
[Result "1/2-1/2"]
[Termination "normal"]
[Board "4.3"]
[WhiteElo "1700"]
[BlackElo "1708"]
[WhiteClock "00:04:19"]
[BlackClock "01:01:12"]
[WhiteTeam "SV Empor Berlin"]
[BlackTeam "Stuttgarter SF 1879"]
[PlyCount "78"]
[WhiteFideId "34602801"]
[BlackFideId "34627103"]
[EventCountry "GER"]
[EventRounds "7"]
[EventType "team-swiss"]
[EventDate "2023.12.26"]

1. e4 {[%clk 01:30:58]} {[%emt 00:00:02]} e5 {[%clk 01:30:56]} {[%emt
00:00:04]} 2. Nf3 {[%clk 01:31:25]} {[%emt 00:00:03]} Nc6 {[%clk 01:31:21]}
{[%emt 00:00:04]} 3. d4 {[%clk 01:31:51]} {[%emt 00:00:05]} exd4 {[%clk
01:31:48]} {[%emt 00:00:03]} 4. Nxd4 {[%clk 01:32:17]} {[%emt 00:00:04]} Nf6
{[%clk 01:32:12]} {[%emt 00:00:05]} 5. Nc3 {[%clk 01:32:44]} {[%emt 00:00:03]}
Bb4 {[%clk 01:32:36]} {[%emt 00:00:06]} 6. Nxc6 {[%clk 01:33:10]} {[%emt
00:00:05]} bxc6 {[%clk 01:33:00]} {[%emt 00:00:06]} 7. Bd3 {[%clk 01:33:36]}
{[%emt 00:00:04]} O-O {[%clk 01:32:54]} {[%emt 00:00:35]} 8. O-O {[%clk
01:34:02]} {[%emt 00:00:05]} d5 {[%clk 01:32:43]} {[%emt 00:00:40]} 9. exd5
{[%clk 01:34:20]} {[%emt 00:00:12]} cxd5 {[%clk 01:33:01]} {[%emt 00:00:12]}
10. Bg5 {[%clk 01:34:44]} {[%emt 00:00:06]} Be7 {[%clk 01:32:55]} {[%emt
00:00:36]} 11. Qf3 {[%clk 01:33:58]} {[%emt 00:01:17]} c6 {[%clk 01:32:46]}
{[%emt 00:00:39]} 12. Rfe1 {[%clk 01:33:59]} {[%emt 00:00:29]} Be6 {[%clk
01:32:13]} {[%emt 00:01:03]} 13. Ne2 {[%clk 01:26:44]} {[%emt 00:07:45]} Bg4
{[%clk 01:25:43]} {[%emt 00:06:59]} 14. Qg3 {[%clk 01:26:17]} {[%emt 00:00:57]}
Bh5 {[%clk 01:25:34]} {[%emt 00:00:40]} 15. Nf4 {[%clk 01:24:38]} {[%emt
00:02:10]} Bg6 {[%clk 01:25:30]} {[%emt 00:00:33]} 16. Rad1 {[%clk 01:10:51]}
{[%emt 00:14:16]} Bd6 {[%clk 01:24:11]} {[%emt 00:01:50]} 17. Qf3 {[%clk
01:06:14]} {[%emt 00:05:07]} Qc7 {[%clk 01:23:17]} {[%emt 00:01:23]} 18. Bxf6
{[%clk 00:40:31]} {[%emt 00:26:13]} Bxf4 {[%clk 01:20:07]} {[%emt 00:03:39]}
19. g3 {[%clk 00:40:03]} {[%emt 00:00:59]} Bd6 {[%clk 01:13:06]} {[%emt
00:07:30]} 20. Bc3 {[%clk 00:35:47]} {[%emt 00:04:46]} Rfe8 {[%clk 01:12:15]}
{[%emt 00:01:21]} 21. b3 {[%clk 00:31:15]} {[%emt 00:05:04]} Bxd3 {[%clk
01:10:01]} {[%emt 00:02:43]} 22. Qxd3 {[%clk 00:31:25]} {[%emt 00:00:20]} Be5
{[%clk 01:07:48]} {[%emt 00:02:42]} 23. Bxe5 {[%clk 00:23:02]} {[%emt
00:08:54]} Rxe5 {[%clk 01:08:07]} {[%emt 00:00:10]} 24. Qd4 {[%clk 00:15:00]}
{[%emt 00:08:32]} Rae8 {[%clk 01:06:18]} {[%emt 00:02:19]} 25. Rxe5 {[%clk
00:14:13]} {[%emt 00:01:17]} Rxe5 {[%clk 01:06:10]} {[%emt 00:00:38]} 26. Kg2
{[%clk 00:09:24]} {[%emt 00:05:20]} f6 {[%clk 01:04:45]} {[%emt 00:01:55]} 27.
Qc5 {[%clk 00:07:47]} {[%emt 00:02:06]} Qb6 {[%clk 01:03:06]} {[%emt 00:02:09]}
28. Qxb6 {[%clk 00:06:24]} {[%emt 00:01:54]} axb6 {[%clk 01:03:34]} {[%emt
00:00:01]} 29. Kf3 {[%clk 00:06:47]} {[%emt 00:00:08]} Kf7 {[%clk 01:03:12]}
{[%emt 00:00:52]} 30. Rd4 {[%clk 00:05:53]} {[%emt 00:01:23]} b5 {[%clk
01:02:41]} {[%emt 00:01:01]} 31. Rb4 {[%clk 00:06:07]} {[%emt 00:00:17]} Re1
{[%clk 01:01:42]} {[%emt 00:01:29]} 32. a4 {[%clk 00:05:35]} {[%emt 00:01:02]}
bxa4 {[%clk 01:02:04]} {[%emt 00:00:08]} 33. bxa4 {[%clk 00:05:15]} {[%emt
00:00:50]} Rc1 {[%clk 01:01:42]} {[%emt 00:00:50]} 34. Rb2 {[%clk 00:05:25]}
{[%emt 00:00:21]} Ra1 {[%clk 01:01:43]} {[%emt 00:00:28]} 35. Rb6 {[%clk
00:05:25]} {[%emt 00:00:31]} c5 {[%clk 01:00:42]} {[%emt 00:01:31]} 36. Rb5
{[%clk 00:03:44]} {[%emt 00:02:11]} c4 {[%clk 01:00:08]} {[%emt 00:01:04]} 37.
Rxd5 {[%clk 00:03:37]} {[%emt 00:00:37]} Rxa4 {[%clk 01:00:26]} {[%emt
00:00:11]} 38. Rc5 {[%clk 00:03:58]} {[%emt 00:00:10]} Ra3+ {[%clk 01:00:48]}
{[%emt 00:00:08]} 39. Ke2 {[%clk 00:04:19]} {[%emt 00:00:10]} Rc3 {[%clk
01:01:12]} {[%emt 00:00:06]} 1/2-1/2

[Event "DVM U16 2023"]
[Site "Magdeburg GER"]
[Date "2023.12.28"]
[Round "4"]
[White "Gotfried, Elias"]
[Black "Schmidt, Tobias"]
[Result "1-0"]
[Termination "normal"]
[Board "4.4"]
[WhiteElo "1375"]
[BlackElo "1618"]
[WhiteClock "00:03:21"]
[BlackClock "00:02:40"]
[WhiteTeam "Stuttgarter SF 1879"]
[BlackTeam "SV Empor Berlin"]
[PlyCount "111"]
[WhiteFideId "34630171"]
[BlackFideId "16254376"]
[EventCountry "GER"]
[EventRounds "7"]
[EventType "team-swiss"]
[EventDate "2023.12.26"]

1. e4 {[%clk 01:30:59]} c6 {[%clk 01:30:56]} {[%emt 00:00:05]} 2. d4 {[%clk
01:31:25]} {[%emt 00:00:03]} d5 {[%clk 01:31:22]} {[%emt 00:00:04]} 3. Nd2
{[%clk 01:31:51]} {[%emt 00:00:05]} dxe4 {[%clk 01:31:49]} {[%emt 00:00:03]} 4.
Nxe4 {[%clk 01:32:15]} {[%emt 00:00:06]} Bf5 {[%clk 01:32:16]} {[%emt
00:00:03]} 5. Ng3 {[%clk 01:32:39]} {[%emt 00:00:06]} Bg6 {[%clk 01:32:37]}
{[%emt 00:00:09]} 6. Nf3 {[%clk 01:32:57]} {[%emt 00:00:12]} Nd7 {[%clk
01:33:02]} {[%emt 00:00:05]} 7. Bd3 {[%clk 01:33:20]} {[%emt 00:00:06]} Ngf6
{[%clk 01:32:03]} {[%emt 00:01:30]} 8. O-O {[%clk 01:31:59]} {[%emt 00:01:51]}
e6 {[%clk 01:32:14]} {[%emt 00:00:20]} 9. c4 {[%clk 01:32:20]} {[%emt
00:00:08]} Be7 {[%clk 01:31:46]} {[%emt 00:00:58]} 10. b3 {[%clk 01:32:38]}
{[%emt 00:00:12]} O-O {[%clk 01:32:01]} {[%emt 00:00:15]} 11. Bb2 {[%clk
01:33:01]} {[%emt 00:00:08]} Rc8 {[%clk 01:31:43]} {[%emt 00:00:48]} 12. Re1
{[%clk 01:32:15]} {[%emt 00:01:15]} Qb6 {[%clk 01:23:44]} {[%emt 00:08:29]} 13.
Bxg6 {[%clk 01:29:22]} {[%emt 00:03:22]} hxg6 {[%clk 01:23:44]} {[%emt
00:00:30]} 14. Qe2 {[%clk 01:25:43]} {[%emt 00:04:10]} Rfe8 {[%clk 01:21:54]}
{[%emt 00:02:20]} 15. Rad1 {[%clk 01:23:55]} {[%emt 00:02:18]} Qa5 {[%clk
01:13:25]} {[%emt 00:08:59]} 16. Ba1 {[%clk 01:17:39]} {[%emt 00:06:46]} Bb4
{[%clk 01:09:39]} {[%emt 00:04:15]} 17. Rf1 {[%clk 01:16:30]} {[%emt 00:01:38]}
c5 {[%clk 01:07:42]} {[%emt 00:02:28]} 18. Ne5 {[%clk 01:10:15]} {[%emt
00:06:44]} cxd4 {[%clk 01:03:43]} {[%emt 00:04:29]} 19. Nxd7 {[%clk 01:09:40]}
{[%emt 00:01:05]} Nxd7 {[%clk 01:04:05]} {[%emt 00:00:08]} 20. Bxd4 {[%clk
01:08:30]} {[%emt 00:01:40]} Nf6 {[%clk 01:01:07]} {[%emt 00:03:27]} 21. Bxf6
{[%clk 01:06:41]} {[%emt 00:02:20]} gxf6 {[%clk 01:01:17]} {[%emt 00:00:20]}
22. Ne4 {[%clk 01:06:47]} {[%emt 00:00:24]} Qe5 {[%clk 00:58:40]} {[%emt
00:03:07]} 23. f4 {[%clk 01:04:38]} {[%emt 00:02:39]} Qf5 {[%clk 00:57:59]}
{[%emt 00:01:10]} 24. g4 {[%clk 01:03:30]} {[%emt 00:01:38]} Qa5 {[%clk
00:56:24]} {[%emt 00:02:06]} 25. Nxf6+ {[%clk 01:03:02]} {[%emt 00:00:57]} Kf8
{[%clk 00:56:01]} {[%emt 00:00:52]} 26. Nxe8 {[%clk 01:00:47]} {[%emt
00:02:45]} Rxe8 {[%clk 00:56:14]} {[%emt 00:00:18]} 27. Rf3 {[%clk 00:55:05]}
{[%emt 00:06:11]} e5 {[%clk 00:54:16]} {[%emt 00:02:28]} 28. Rd5 {[%clk
00:51:28]} {[%emt 00:04:07]} Qb6+ {[%clk 00:53:08]} {[%emt 00:01:39]} 29. Qf2
{[%clk 00:40:47]} {[%emt 00:11:11]} e4 {[%clk 00:49:38]} {[%emt 00:04:00]} 30.
Qxb6 {[%clk 00:40:16]} {[%emt 00:01:02]} axb6 {[%clk 00:49:50]} {[%emt
00:00:18]} 31. Rh3 {[%clk 00:37:57]} {[%emt 00:02:48]} Kg7 {[%clk 00:48:35]}
{[%emt 00:01:45]} 32. Kf2 {[%clk 00:35:56]} {[%emt 00:02:30]} Bc5+ {[%clk
00:46:31]} {[%emt 00:02:35]} 33. Ke2 {[%clk 00:35:48]} {[%emt 00:00:38]} e3
{[%clk 00:40:51]} {[%emt 00:06:10]} 34. f5 {[%clk 00:31:57]} {[%emt 00:04:21]}
Re4 {[%clk 00:39:45]} {[%emt 00:01:36]} 35. Rf3 {[%clk 00:24:33]} {[%emt
00:07:54]} g5 {[%clk 00:37:59]} {[%emt 00:02:16]} 36. h3 {[%clk 00:22:31]}
{[%emt 00:02:31]} Kf6 {[%clk 00:35:14]} {[%emt 00:03:16]} 37. a4 {[%clk
00:20:13]} {[%emt 00:02:49]} Bd4 {[%clk 00:27:20]} {[%emt 00:08:24]} 38. Rd7
{[%clk 00:18:25]} {[%emt 00:02:18]} b5 {[%clk 00:18:40]} {[%emt 00:09:11]} 39.
cxb5 {[%clk 00:16:34]} {[%emt 00:02:21]} b6 {[%clk 00:18:27]} {[%emt 00:00:42]}
40. Rd5 {[%clk 00:11:25]} {[%emt 00:05:39]} Bc5 {[%clk 00:15:07]} {[%emt
00:03:50]} 41. Rxc5 {[%clk 00:08:53]} {[%emt 00:03:02]} bxc5 {[%clk 00:15:24]}
{[%emt 00:00:14]} 42. Rxe3 {[%clk 00:09:17]} {[%emt 00:00:06]} Rb4 {[%clk
00:15:26]} {[%emt 00:00:27]} 43. Rc3 {[%clk 00:08:13]} {[%emt 00:01:34]} Re4+
{[%clk 00:14:23]} {[%emt 00:01:33]} 44. Kf3 {[%clk 00:07:13]} {[%emt 00:01:30]}
Rb4 {[%clk 00:12:19]} {[%emt 00:02:34]} 45. Rxc5 {[%clk 00:06:23]} {[%emt
00:01:20]} Rxb3+ {[%clk 00:12:34]} {[%emt 00:00:14]} 46. Ke2 {[%clk 00:06:29]}
{[%emt 00:00:24]} Ra3 {[%clk 00:10:55]} {[%emt 00:02:09]} 47. Rc4 {[%clk
00:04:25]} {[%emt 00:02:34]} Rxh3 {[%clk 00:10:08]} {[%emt 00:01:18]} 48. Re4
{[%clk 00:03:40]} {[%emt 00:01:15]} Rb3 {[%clk 00:09:38]} {[%emt 00:00:59]} 49.
Kd2 {[%clk 00:03:53]} {[%emt 00:00:18]} Ra3 {[%clk 00:07:56]} {[%emt 00:02:12]}
50. Kc2 {[%clk 00:04:03]} {[%emt 00:00:20]} Ra2+ {[%clk 00:05:29]} {[%emt
00:02:58]} 51. Kc3 {[%clk 00:02:53]} {[%emt 00:01:40]} Ra3+ {[%clk 00:05:23]}
{[%emt 00:00:36]} 52. Kb4 {[%clk 00:03:17]} {[%emt 00:00:06]} Rf3 {[%clk
00:02:12]} {[%emt 00:03:42]} 53. b6 {[%clk 00:02:34]} {[%emt 00:01:13]} Rf4
{[%clk 00:01:51]} {[%emt 00:00:51]} 54. Rxf4 {[%clk 00:02:56]} {[%emt
00:00:08]} gxf4 {[%clk 00:02:15]} {[%emt 00:00:05]} 55. b7 {[%clk 00:03:21]}
{[%emt 00:00:06]} f3 {[%clk 00:02:40]} {[%emt 00:00:05]} 56. b8=Q {[%emt
00:00:21]} 1-0